| 000 | 00924nam a22002657a 4500 | ||
|---|---|---|---|
| 001 | 000002974 | ||
| 003 | PPM | ||
| 005 | 20260428111450.0 | ||
| 008 | 260428b ||||| |||| 00| 0 eng d | ||
| 020 |
_a9839743139 _cRM 25.00 _qHardback |
||
| 035 | _a0000002974 | ||
| 040 |
_bMalay _cPusat Penyelidikan Mineral, Jabatan Mineral Dan Geosains Malaysia _dPPM _eRDA |
||
| 082 | 0 | 0 |
_219 _a362.2936 _bGAN 1993 |
| 100 | 1 |
_aGan, Judy _eauthor |
|
| 245 | 1 | 0 |
_aPendidikan Pencegahan Dadah Dan Aids / _coleh Judy Gan |
| 260 | 1 |
_aKuala Lumpur : _bDelmu (Malaysia), _c1993 |
|
| 300 | 0 | 0 |
_av, 273 pages .: _billustrations .; _c21 cm |
| 500 | _aJudul kulit depan | ||
| 501 | _aMengandungi soalan dan jawapan | ||
| 650 | 1 | 0 |
_aDrug abuse _xStudy and teaching _zMalaysia |
| 650 | 1 | 0 |
_aAIDS (Disease) _xStudy and teaching _zMalaysia |
| 650 | 1 | 0 |
_aDrug abuse _xPrevention _zMalaysia |
| 650 | 1 | 0 |
_aDrug abuse _xMiscellanea |
| 942 |
_2ddc _cBK |
||
| 999 |
_c27234 _d27234 |
||